[Event "Commonwealth-ch"]
[Site "New Delhi"]
[Date "2007.12.09"]
[Round "9"]
[White "Khalid, Amin"]
[Black "Abhilash, Reddy A"]
[Result "0-1"]
[WhiteElo "1950"]
[BlackElo "2069"]
[PlyCount "88"]
[EventDate "2007.12.03"]
[EventType "swiss"]
[EventRounds "10"]
[EventCountry "IND"]
[SourceTitle "CBM 121 Extra"]
[Source "ChessBase"]
[SourceDate "2008.01.10"]
[SourceVersion "1"]
[SourceVersionDate "2008.01.10"]
[SourceQuality "1"]

1. Nf3 d5 2. g3 Nf6 3. Bg2 g6 4. 0-0 Bg7 5. d4 0-0 6. Re1 c5 7. Nc3 cxd4 8. Nb5 Nc6 9. Bf4 Nh5 10. Nbxd4 Nxd4 11. Nxd4 e5 12. Be3 exd4 13. Bxd4 Bxd4 14. Qxd4 Qf6 15. Qxd5 Qxb2 16. Rab1 Qc3 17. Red1 Qc7 18. Qd4 Ng7 19. Qf6 Rb8 20. Rd4 Qxc2 21. Rbd1 Qf5 22. Qd6 Be6 23. e4 Qa5 24. Qe7 Rfe8 25. Qf6 Qb6 26. Rd6 Qc7 27. f4 Rec8 28. R6d4 Qc5 29. Kh1 Bg4 30. Rd5 Qc6 31. Rd6 Ne8 32. Rxc6 Nxf6 33. Rxc8+ Rxc8 34. Rb1 b5 35. h3 Bd7 36. e5 Nh5 37. Rb3 Rc2 38. a3 a6 39. Rd3 Bc6 40. Bxc6 Rxc6 41. Kg2 Kg7 42. Kf3 Rc4 43. Kg4 h6 44. h4 a5 0-1